Florence Pugh movies - Statistics

General Stats
  • This quiz has been taken 40 times
  • The average score is 7 of 13
Answer Stats
Hint Answer % Correct
2021 Black Widow
86%
2022 Don't Worry Darling
78%
2019 Little Women
78%
2019 Midsommar
78%
2023 Oppenheimer
70%
2022 The Wonder
49%
2016 Lady Macbeth
46%
2023 A good person
32%
2018 Malevolent
32%
2019 Fighting with my Family
30%
2018 Outlaw King
27%
2014 The falling
27%
2018 The commuter
22%
No matching quizzes found
Score Distribution
Percent of People with Each Score
Percentile by Number Answered
Your Score History
You have not taken this quiz